Normal view
MARC view
- Arora K R
Entry Personal Name
001 - CONTROL NUMBER
- control field: 131
003 - CONTROL NUMBER IDENTIFIER
- control field: OSt
005 - DATE AND TIME OF LATEST TRANSACTION
- control field: 20141209130754.0
008 - FIXED-LENGTH DATA ELEMENTS
- fixed length control field: 141209|| aca||aabn | a|a d
040 ## - CATALOGING SOURCE
- Original cataloging agency: OSt
- Transcribing agency: OSt
100 ## - HEADING--PERSONAL NAME
- Personal name: Arora K R
670 ## - SOURCE DATA FOUND
- Source citation: Work cat.: (OSt): Arora K R, Irrigation, Water Power and Water Resources Engineering , 2012
